The nature of physical reality: a philosophy of modern physics

Gespeichert in:
Bibliographische Detailangaben
1. Verfasser: Margenau, Henry (autor)
Format: Buch
Sprache:Englisch
Veröffentlicht: Nueva York McGraw-Hill 1950
Schlagworte:
Tags: Tag hinzufügen
Keine Tags, Fügen Sie den ersten Tag hinzu!

MARC

LEADER 00000nam a2200000 a 4500
001 UCT2253
003 CL-VaPUC
008 961011e19500000US |||||||||||||||||eng|d
082 0 4 |a 530.01  |b MAR  |2 21 
100 |a Margenau, Henry  |e autor  |9 549170 
245 1 4 |a The nature of physical reality: a philosophy of modern physics 
300 |a 479 p 
942 |c BK 
945 |d 19961011 00:00:00  |a cmena 
260 |a Nueva York  |b McGraw-Hill  |c 1950 
650 0 |a Filosofía   |9 223554 
650 0 |a Teorías científicas  |9 316549 
650 0 |a Física   |9 227844 
650 0 |a Teoría cuántica  |9 266148 
650 0 |a Mecánica   |9 260096 
650 0 |a Termodinámica   |9 259320 
650 0 |a Física teórica  |9 345827 
583 |a last modification  |c 19961011 00:00:00  |k Rodrigo Vera 
999 |c 252444  |d 252442 
952 |0 0  |1 0  |4 0  |6 530_010000000000000_MAR_1950  |7 0  |8 A  |9 272317  |a BIBCUR  |b BIBCUR  |d 2019-11-19  |i 1762613  |o 530.01 MAR 1950  |p 1762613  |r 2025-04-22  |w 2019-11-19  |y BK  |k BCB